| 000 | 00587cam a22002411 4500 | ||
|---|---|---|---|
| 001 | sa 66002146 | ||
| 003 | DLC | ||
| 005 | 20260227112227.0 | ||
| 008 | 950117s1963 ii 000 1 tamo | ||
| 010 | _asa 66002146 | ||
| 025 | _aPL480:I-T-601 | ||
| 035 | _a(OCoLC)31829429 | ||
| 040 |
_aDLC _cCU _dCU _dDLC |
||
| 042 | _apremarc | ||
| 050 | 0 | 0 |
_aPL4758.8 _b.N3 |
| 100 | 1 | _aNaṭarājan̲, A. Le. | |
| 245 | 1 | 0 | _aPērīccampal̲akkūṭai. |
| 260 | _c[1963] | ||
| 300 |
_a148 p. _c19 cm. |
||
| 500 | _aIn Tamil. | ||
| 500 | _aShort stories. | ||
| 650 | 0 | _aShort stories, Tamil. | |
| 999 |
_c68174 _d68174 |
||